000 00471nam a2200181Ia 4500
005 20250603145138.0
008 250603s9999 xx 000 0 und d
020 _a9783030287443
050 _aBF 697.5 .S46 .E35/
100 _aEdited by Joerg Zumbach et.al
245 0 _aInternational handbook of psychology learning and teaching
260 _aSwitzerland
260 _bSpringer
260 _c2023
300 _a1491 p
650 _aSwitzerland
942 _cBK
999 _c41010
_d41010